| 000 | 00560nam a2200169 i 4500 | ||
|---|---|---|---|
| 001 | 39807 | ||
| 003 | ES-MaACL | ||
| 005 | 20230912063107.0 | ||
| 007 | t| | ||
| 008 | 030304s1914 sp ||||1| spa d | ||
| 100 | 1 |
_aCanido y Pardo, Senén, _d1858-1929 _9176149 |
|
| 245 | 1 | 0 |
_aMemoria elevada al gobierno de S. M. en la solemne apertura de los tribunales el día 15 septiembre 1914 / _cSenen Canido. |
| 260 |
_aMadrid : _bLa Editora, _c1914. |
||
| 300 |
_aLXII, 54 p., 10 gráf. ; _c23 cm. |
||
| 852 |
_aES-MaACL _jF-9924 |
||
| 999 |
_c39807 _d39807 |
||